000 00618nam a2200181Ia 4500
003 PILC
005 20160202105943.0
008 140527s9999 xx 000 0 und d
020 _a9781111834135
050 _aBF 204.6
_b.C739 2013
100 _aCompton, William C.
245 _aPositive psychology :
_bthe science of happiness and flourishing /
_cWilliam C. Compton , Edward Hoffman.
260 _aBelmont, CA :
_bWadsworth Cengage Learning,
_c2013.
300 _a381 pages :
_billustrations ;
_c23 cm.
500 _aIncludes bibliographical references and index.
942 _kFOR
_cBK
_2lcc
999 _c117540
_d117540